A ditadura encurralada : o sacerdote e o feiticeiro /
Obra en cinco volúmenes (de los cuales la biblioteca tiene tres) que reconstruye la evolución del sistema político brasileño durante la dictadura que inició con el golpe militar de 1964 y terminó con la elección de Tancredo de Almeida Neves en 1985. Se pone de manifiesto la convivencia de un sistema...
Kaydedildi:
| Yazar: | |
|---|---|
| Materyal Türü: | Kitap |
| Dil: | Portekizce |
| Baskı/Yayın Bilgisi: |
São Paulo, Brasil
Companhia das Letras,
2004, c2004
|
| Konular: | |
| Etiketler: |
Etiket eklenmemiş, İlk siz ekleyin!
|
MARC
| LEADER | 00000nam^a2200000^a^4500 | ||
|---|---|---|---|
| 001 | 000174635 | ||
| 005 | 20250521000000.0 | ||
| 009 | 20260310101536.523 | ||
| 020 | |a 85-359-0509-X | ||
| 037 | |a Acervo ITESO - Biblioteca | ||
| 041 | |a POR | ||
| 082 | |a 320. 981063 |b GAS V. 4 | ||
| 100 | |a Gaspari, Elio |e (autor) | ||
| 240 | 1 | 4 | |a [La dictadura en Brasil] |
| 245 | 1 | 2 | |a A ditadura encurralada : |b o sacerdote e o feiticeiro / |c E. Gaspari. |
| 264 | 4 | |a São Paulo, Brasil |b Companhia das Letras, |c 2004, c2004 | |
| 300 | |a 525 p. | ||
| 336 | |a texto |b txt |2 rdacontenido | ||
| 337 | |a sin mediación |b n |2 rdamedio | ||
| 338 | |a volumen |b nc |2 rdasoporte | ||
| 520 | |a Obra en cinco volúmenes (de los cuales la biblioteca tiene tres) que reconstruye la evolución del sistema político brasileño durante la dictadura que inició con el golpe militar de 1964 y terminó con la elección de Tancredo de Almeida Neves en 1985. Se pone de manifiesto la convivencia de un sistema político represor, con un período de grandes avances económicos, el famoso milagro brasileño. Asimismo, se evidencia cómo desde el interior del mismo régimen se fueron propiciando las condiciones de apertura política para desmontar la dictadura. | ||
| 649 | |a XX | ||
| 650 | |a Dictadura - |z Brasil | ||
| 650 | |a Tortura - |z Brasil | ||
| 650 | |a Represión - |z Brasil | ||
| 650 | |a Desarrollo Económico-Social - |z Brasil | ||
| 650 | |a Sistema Político - |z Brasil | ||
| 650 | |a Política - |z Brasil - |x Historia - |y 1964-1985 | ||
| 650 | |a Brasil - |x Historia - |y 1964-1985 | ||
| 650 | |a Brasil - |x Condiciones Políticas | ||
| 910 | |a Fondo General | ||
| 920 | |a Impresos - Libros | ||
| 930 | |a Colección General | ||
| 905 | |a 101 | ||
| 901 | |a 0500112160 |b IT1 |c ACC |u 20250521 | ||
| 902 | |a https://opac.biblio.iteso.mx/vufind/Record/000174635 | ||